[Event "Championnat de France Cadette"]
[Site "CALVI"]
[Date "????.??.??"]
[Round "8.6"]
[White "Rasse, Charlotte"]
[Black "Hamsany, Marie"]
[Result "1-0"]
[WhiteElo "1995"]
[BlackElo "1940"]
[PlyCount "81"]
[EventDate "2005.??.??"]
[SourceDate "2005.04.17"]

1. e4 e5 2. Nf3 Nc6 3. Bc4 Bc5 4. d3 d6 5. Be3 Bb6 6. Nc3 Nf6 7. a3 h6 8. Qd2
Be6 9. Nd5 Bxd5 10. exd5 Ne7 11. Bb5+ Nd7 12. Bxd7+ Qxd7 13. Bxb6 axb6 14. c4
Ng6 15. h3 O-O 16. O-O f5 17. Nh2 Rf6 18. d4 Nf4 19. Rae1 Rg6 20. Re3 Rxg2+ 21.
Kh1 Qe7 22. dxe5 dxe5 23. Rf3 Qg5 24. Rxf4 exf4 25. Nf3 Qg6 26. Nh4 Qh5 27.
Nxg2 Qxh3+ 28. Kg1 f3 29. Nf4 Qg4+ 30. Kh2 g5 31. Rg1 Qh4+ 32. Nh3 g4 33. Rg3
Kh7 34. Qf4 Rg8 35. Qxf5+ Rg6 36. Qf4 h5 37. Qxc7+ Rg7 38. Qf4 Qe7 39. Qf5+ Kh6
40. Nf4 Qh4+ 41. Kg1 1-0

[Event "Championnat de France Cadette"]
[Site "CALVI"]
[Date "????.??.??"]
[Round "8.7"]
[White "Bacon, Julie"]
[Black "Plessis, Laura"]
[Result "0-1"]
[WhiteElo "1680"]
[BlackElo "1898"]
[PlyCount "55"]
[EventDate "2005.??.??"]
[SourceDate "2005.04.17"]

1. e4 d6 2. d4 g6 3. Nc3 Bg7 4. Nf3 c6 5. Be2 Nf6 6. O-O O-O 7. h3 Ne8 8. Bf4
f5 9. e5 h6 10. h4 b5 11. a3 Nd7 12. d5 dxe5 13. dxc6 exf4 14. cxd7 Bxd7 15.
Qd2 Qc7 16. Nxb5 Bxb5 17. Bxb5 Nd6 18. Bd3 Bxb2 19. Ra2 Bc3 20. Qxf4 Qb7 21.
Qa4 Bf6 22. c4 Rfc8 23. Re1 e5 24. Bf1 e4 25. Nd2 Nf7 26. g3 Ne5 27. Qc2 Qe7
28. Nb3 {suite illisible} 0-1

[Event "Championnat de France Cadette"]
[Site "CALVI"]
[Date "????.??.??"]
[Round "8.8"]
[White "Magnin, Segolene"]
[Black "Labatut, Tifany"]
[Result "1-0"]
[WhiteElo "1900"]
[BlackElo "1580"]
[PlyCount "61"]
[EventDate "2005.??.??"]
[SourceDate "2005.04.17"]

1. b4 c6 2. c4 a5 3. b5 cxb5 4. cxb5 Qb6 5. a4 e5 6. Qc2 Bc5 7. e3 d5 8. Ba3
Ne7 9. Nc3 Nd7 10. Nf3 O-O 11. Bxc5 Qxc5 12. d4 exd4 13. Nxd4 Nf6 14. Rc1 Qd6
15. Be2 Bd7 16. O-O Rac8 17. Qb2 Nf5 18. Rfd1 Nxd4 19. Rxd4 Be6 20. Bf3 Rc5 21.
Rdd1 Rfc8 22. Ne2 Ng4 23. Bxg4 Bxg4 24. f3 Be6 25. Qd4 Rc4 26. Rxc4 Rxc4 27.
Qxc4 Qa3 28. Qd4 h6 29. Kf2 Qd6 30. g3 Qe7 31. Nf4 1-0

[Event "Championnat de France Cadette"]
[Site "CALVI"]
[Date "????.??.??"]
[Round "8.9"]
[White "Swiercz, Sonia"]
[Black "Michel, Isabelle"]
[Result "0-1"]
[WhiteElo "1590"]
[BlackElo "1530"]
[PlyCount "48"]
[EventDate "2005.??.??"]
[SourceDate "2005.04.17"]

1. e4 e5 2. Nf3 Nc6 3. Bc4 Bc5 4. c3 Nf6 5. d4 exd4 6. cxd4 Bb4+ 7. Nc3 d5 8.
exd5 Nxd5 9. O-O Be6 10. Nxd5 Bxd5 11. Bxd5 Qxd5 12. a3 Bd6 13. Re1+ Ne7 14. b4
O-O 15. Bb2 Nf5 16. Qc2 Rfe8 17. h3 Re6 18. Rxe6 fxe6 19. Re1 h6 20. Qe2 Re8
21. Ne5 Nh4 22. Qg4 g5 23. Bc1 Be7 24. g3 Qg2# 0-1

[Event "Championnat de France Cadette"]
[Site "CALVI"]
[Date "????.??.??"]
[Round "8.10"]
[White "Wandelle, Sandrine"]
[Black "Huisman, Camille"]
[Result "1-0"]
[WhiteElo "1370"]
[BlackElo "1520"]
[PlyCount "63"]
[EventDate "2005.??.??"]
[SourceDate "2005.04.17"]

1. e4 e5 2. Nf3 Nc6 3. Bb5 a6 4. Ba4 Nf6 5. O-O b5 6. Bb3 Bc5 7. c3 d6 8. h3
Nxe4 9. d4 Bb6 10. Bd5 Bb7 11. Bxe4 exd4 12. cxd4 O-O 13. Re1 Qf6 14. Be3 Rae8
15. Nc3 Ba5 16. Nd5 Qd8 17. Bd2 Bb6 18. Bf4 Ba5 19. Re2 f5 20. Bd3 Nb4 21. Nxb4
Bxb4 22. Qb3+ Kh8 23. Qxb4 Rxe2 24. Bxe2 Re8 25. Re1 Re4 26. Bg5 Qe8 27. Bd3 c5
28. Qa5 Rxe1+ 29. Nxe1 b4 30. Nf3 cxd4 31. Qxb4 h6 32. Bh4 1-0

[Event "Championnat de France Cadet"]
[Site "CALVI"]
[Date "????.??.??"]
[Round "8.1"]
[White "Pile, Richard"]
[Black "Chau, Olivier"]
[Result "1/2-1/2"]
[WhiteElo "2259"]
[BlackElo "2186"]
[PlyCount "40"]
[EventDate "2005.??.??"]
[SourceDate "2005.04.17"]

1. e4 e5 2. Nf3 Nc6 3. d4 exd4 4. Nxd4 Nf6 5. Nxc6 bxc6 6. e5 Qe7 7. Qe2 Nd5 8.
c4 Nb6 9. Nd2 Qe6 10. b3 Ba6 11. Bb2 O-O-O 12. Qe3 Re8 13. O-O-O f6 14. f4 Kb8
15. Nf3 fxe5 16. fxe5 g6 17. Qd2 c5 18. Ng5 Bh6 19. h4 Bb7 20. Kb1 Qg4 1/2-1/2

[Event "Championnat de France Cadet"]
[Site "CALVI"]
[Date "????.??.??"]
[Round "8.2"]
[White "Netzer, Jean"]
[Black "Franck, Boris"]
[Result "1-0"]
[WhiteElo "2384"]
[BlackElo "1998"]
[PlyCount "83"]
[EventDate "2005.??.??"]
[SourceDate "2005.04.17"]

1. c4 g6 2. d4 c5 3. Nf3 cxd4 4. Nxd4 Bg7 5. e4 d6 6. Be2 Nf6 7. Nc3 O-O 8. O-O
Nc6 9. Be3 Bd7 10. f3 Rc8 11. Qd2 Ne8 12. Rfd1 Nc7 13. Nxc6 bxc6 14. c5 d5 15.
Rac1 Be6 16. b3 Qd7 17. Bh6 Rfd8 18. Bxg7 Kxg7 19. Qd4+ f6 20. e5 Bf7 21. Ne4
Qe6 22. exf6+ exf6 23. Ng3 Re8 24. Kf2 h5 25. Re1 Qd7 26. Ne4 Re6 27. Nd6 Rb8
28. f4 Ne8 29. Nxf7 Qxf7 30. Bd3 Rxe1 31. Rxe1 Nc7 32. f5 g5 33. Qa4 Nb5 34.
Re6 Re8 35. Bxb5 cxb5 36. Qa6 Re7 37. Qd6 Rd7 38. Rxf6 Rxd6 39. Rxf7+ Kxf7 40.
cxd6 Ke8 41. f6 Kd7 42. f7 1-0

[Event "Championnat de France Cadet"]
[Site "CALVI"]
[Date "????.??.??"]
[Round "8.3"]
[White "Adam, Etienne"]
[Black "Garro, Pierre"]
[Result "1-0"]
[WhiteElo "2043"]
[BlackElo "2124"]
[PlyCount "83"]
[EventDate "2005.??.??"]
[SourceDate "2005.04.17"]

1. e4 c5 2. c3 e5 3. Nf3 Nc6 4. Bc4 Qc7 5. O-O Be7 6. Re1 Nf6 7. d4 d6 8. d5
Nd8 9. Bb5+ Kf8 10. a4 b6 11. a5 bxa5 12. Nbd2 a6 13. Bd3 h6 14. Nc4 Nb7 15.
Qe2 Nd7 16. Be3 g5 17. Nfd2 Kg7 18. g3 Nf6 19. f4 gxf4 20. gxf4 Bg4 21. Qf2
Rag8 22. Kh1 Kf8 23. Nf3 Bh3 24. Rg1 Ng4 25. Qe2 Nxe3 26. Qxe3 Bg4 27. fxe5
Bxf3+ 28. Qxf3 dxe5 29. Qf5 Bd6 30. Qf6 Rh7 31. Rxg8+ Kxg8 32. Be2 Kf8 33. Bg4
Qe7 34. Qxe7+ Kxe7 35. Bc8 Nd8 36. Rxa5 Rg7 37. Bf5 f6 38. Rxa6 Nf7 39. Ra7+
Kf8 40. Be6 Be7 41. Ra8+ Nd8 42. d6 1-0

[Event "Championnat de France Cadet"]
[Site "CALVI"]
[Date "????.??.??"]
[Round "8.4"]
[White "Camel, Lorenzo"]
[Black "Delorme, Alban"]
[Result "1/2-1/2"]
[WhiteElo "1999"]
[BlackElo "2263"]
[PlyCount "79"]
[EventDate "2005.??.??"]
[SourceDate "2005.04.17"]

1. Nc3 d5 2. e4 d4 3. Nce2 g6 4. Ng3 Bg7 5. Bc4 e6 6. f4 Ne7 7. Nf3 O-O 8. d3
c5 9. h4 Qc7 10. O-O Nbc6 11. a4 a6 12. h5 Rb8 13. hxg6 hxg6 14. Ng5 b5 15.
axb5 axb5 16. Ba2 Nb4 17. Bd2 Nxa2 18. Rxa2 c4 19. Qg4 c3 20. Qh4 Rd8 21. Qh7+
Kf8 22. f5 exf5 23. Bf4 Qb6 24. Bxb8 Qxb8 25. Qh4 Qe5 26. Nf3 Qe6 27. b3 fxe4
28. Nxe4 Qd5 29. Nf6 Qe6 30. Ng5 Qe3+ 31. Kh1 Nf5 32. Ngh7+ Ke7 33. Ra7+ Kd6
34. Rxf5 gxf5 35. Ne4+ Kc6 36. Qxd8 Qc1+ 37. Kh2 Qh6+ 38. Kg1 Qc1+ 39. Kh2 Qh6+
40. Kg1 1/2-1/2

[Event "Championnat de France Cadet"]
[Site "CALVI"]
[Date "????.??.??"]
[Round "8.5"]
[White "Huang, Hao"]
[Black "Platel, Alexandre"]
[Result "1-0"]
[WhiteElo "2091"]
[BlackElo "2149"]
[PlyCount "103"]
[EventDate "2005.??.??"]
[SourceDate "2005.04.17"]

1. Nf3 Nc6 2. d4 d5 3. c4 Bg4 4. Nc3 e6 5. cxd5 exd5 6. Qa4 Bxf3 7. exf3 a6 8.
Be3 Nf6 9. Bd3 Be7 10. O-O O-O 11. Ne2 Nd7 12. Rac1 Nb6 13. Qc2 g6 14. a3 Bf6
15. f4 Bg7 16. f5 Rc8 17. Qd2 Re8 18. Bh6 Qf6 19. Bg5 Qd6 20. Bf4 Qd7 21. fxg6
hxg6 22. b3 Qe7 23. b4 Nd8 24. Bg5 Bf6 25. Be3 Ne6 26. Rfe1 c6 27. Nf4 Nxf4 28.
Bxf4 Qf8 29. Bh6 Bg7 30. Bxg7 Kxg7 31. Qf4 Rxe1+ 32. Rxe1 Re8 33. Re3 Rxe3 34.
fxe3 Qe7 35. h3 Nc8 36. Kf2 Nd6 37. h4 f5 38. Ke2 Ne4 39. Bxe4 Qxe4 40. Kf2
Qc2+ 41. Kg3 Qd1 42. Qg5 Qh5 43. Qxh5 gxh5 44. Kf4 Kf6 45. a4 b6 46. a5 bxa5
47. bxa5 Ke6 48. Kg5 Kd6 49. Kxf5 c5 50. dxc5+ Kxc5 51. g4 hxg4 52. Kxg4 1-0

[Event "Championnat de France Cadet"]
[Site "CALVI"]
[Date "????.??.??"]
[Round "8.6"]
[White "Entem, Alan"]
[Black "Baeumlin, Francois"]
[Result "1-0"]
[WhiteElo "2088"]
[BlackElo "1996"]
[PlyCount "94"]
[EventDate "2005.??.??"]
[SourceDate "2005.04.17"]

1. e4 c5 2. Nc3 Nc6 3. Nf3 Nf6 4. Bb5 Qc7 5. d3 e6 6. O-O Be7 7. Re1 d6 8. Bf4
O-O 9. Bxc6 bxc6 10. e5 Nd5 11. exd6 Bxd6 12. Bxd6 Qxd6 13. Ne4 Qb8 14. b3 Qb4
15. a3 Qb6 16. Ne5 f5 17. Nc4 Qb5 18. Ng5 Rf6 19. Qh5 h6 20. Nf3 Bd7 21. Nfe5
Be8 22. Qd1 Rd8 23. Qd2 Ne7 24. Qa5 Qxa5 25. Nxa5 Bh5 26. Nexc6 Nxc6 27. Nxc6
Rd7 28. Re5 c4 29. bxc4 Rb7 30. Rb5 Rc7 31. Ne5 Rf8 32. Rab1 Rfc8 33. Rb7 Rc5
34. R1b5 a6 35. Rxc5 Rxc5 36. Rb8+ Kh7 37. Nd7 Ra5 38. f3 Rxa3 39. Nf8+ Kg8 40.
Nxe6+ Kf7 41. Nd4 Kf6 42. f4 Bd1 43. Rf8+ Ke7 44. Rxf5 Rc3 45. Re5+ Kd6 46. Re1
Bxc2 47. Rc1 Rxd3 {gain blancs au 81eme} 1-0

[Event "Championnat de France Cadet"]
[Site "CALVI"]
[Date "????.??.??"]
[Round "8.7"]
[White "Prodhomme, Boris"]
[Black "Soyez, Cyril"]
[Result "1/2-1/2"]
[WhiteElo "2014"]
[BlackElo "2189"]
[PlyCount "80"]
[EventDate "2005.??.??"]
[SourceDate "2005.04.17"]

1. d4 Nf6 2. c4 c5 3. d5 b5 4. cxb5 a6 5. Nc3 axb5 6. e4 b4 7. Nb5 d6 8. Bc4
Nbd7 9. Nf3 Nb6 10. Bd3 g6 11. b3 Bg7 12. Bb2 O-O 13. O-O Ba6 14. a4 bxa3 15.
Nxa3 Qd7 16. Re1 Rfb8 17. Bc3 Qb7 18. Qc2 Nbd7 19. Nd2 Bxd3 20. Qxd3 Ng4 21.
Bxg7 Kxg7 22. Qc3+ Kg8 23. h3 Nge5 24. f4 Qb4 25. Qxb4 cxb4 26. fxe5 bxa3 27.
exd6 exd6 28. Reb1 Rb4 29. Nc4 Nc5 30. Rxa3 Rxa3 31. Nxa3 Nxe4 32. Nc4 f5 33.
g4 Kf7 34. gxf5 gxf5 35. Ne3 Kg6 36. Rf1 Ng3 37. Rf3 f4 38. Nc4 Rb5 39. Kf2
Ne4+ 40. Ke2 Kg5 1/2-1/2

[Event "Championnat de France Cadet"]
[Site "CALVI"]
[Date "????.??.??"]
[Round "8.8"]
[White "Le Goff, Damien"]
[Black "Forgues, Fabien"]
[Result "0-1"]
[WhiteElo "2122"]
[BlackElo "2043"]
[PlyCount "56"]
[EventDate "2005.??.??"]
[SourceDate "2005.04.17"]

1. d4 d5 2. c4 c6 3. Nc3 Nf6 4. Nf3 e6 5. e3 Be7 6. Qc2 O-O 7. Bd2 a6 8. Bd3
dxc4 9. Bxc4 c5 10. a4 Nc6 11. dxc5 Bxc5 12. O-O b6 13. Rfd1 Qe7 14. Ng5 Ne5
15. Ba2 Bb7 16. Nce4 Nxe4 17. Nxe4 Rac8 18. Nxc5 Rxc5 19. Bc3 Qh4 20. h3 Nf3+
21. Kf1 Nh2+ 22. Ke2 Bxg2 23. Rd7 Be4 24. Qb3 Rf5 25. Be1 Qh5+ 26. Kd2 Nf3+ 27.
Kc3 Rc5+ 28. Kb4 Bc2 0-1

[Event "Championnat de France Cadet"]
[Site "CALVI"]
[Date "????.??.??"]
[Round "8.9"]
[White "Pieroni, Guillaume"]
[Black "Miqueu, Eric"]
[Result "1/2-1/2"]
[WhiteElo "2109"]
[BlackElo "2037"]
[PlyCount "60"]
[EventDate "2005.??.??"]
[SourceDate "2005.04.17"]

1. e4 e6 2. d4 d5 3. Nc3 Bb4 4. e5 Ne7 5. Bd3 c5 6. a3 Bxc3+ 7. bxc3 Nbc6 8.
Qg4 O-O 9. Nf3 f5 10. exf6 Rxf6 11. Bg5 Rf7 12. Qh4 h6 13. Be3 c4 14. Be2 Qf8
15. O-O Bd7 16. Nd2 Rf6 17. f4 Ng6 18. Qg3 Nce7 19. Bg4 Ba4 20. Ra2 Nf5 21.
Bxf5 exf5 22. Nf3 Ne7 23. Ne5 Nc8 24. Qf3 Bc6 25. a4 Nd6 26. Bc1 Ne4 27. Qe3 a5
28. Bb2 Qe8 29. Raa1 Qh5 30. Qf3 Qe8 1/2-1/2

[Event "Championnat de France Cadet"]
[Site "CALVI"]
[Date "????.??.??"]
[Round "8.10"]
[White "Bouhana, Paul-Alexandre"]
[Black "Brailly-Vignal, Bastien"]
[Result "0-1"]
[WhiteElo "1994"]
[BlackElo "2080"]
[PlyCount "60"]
[EventDate "2005.??.??"]
[SourceDate "2005.04.17"]

1. d4 Nf6 2. Nf3 e6 3. Bf4 d5 4. e3 Be7 5. h3 O-O 6. Bd3 c5 7. c3 Nc6 8. O-O c4
9. Bc2 b5 10. Nbd2 b4 11. e4 bxc3 12. bxc3 Nh5 13. Be3 f5 14. exf5 exf5 15. Ne5
Nxe5 16. dxe5 g6 17. Ba4 f4 18. Bd4 Be6 19. Rb1 Qc7 20. Nf3 Rab8 21. Bb5 Bf5
22. Bxa7 Qxa7 23. Qxd5+ Kh8 24. Rbd1 Bd3 25. Bxc4 Bxf1 26. Rxf1 Bc5 27. e6 Rf5
28. Ne5 Ng3 29. Nf7+ Kg7 30. Qd7 Bxf2+ 0-1

[Event "Championnat de France Minime"]
[Site "CALVI"]
[Date "2005.04.17"]
[Round "1.1"]
[White "Dourerassou, Jonathan"]
[Black "Moucheroud, Jeremy"]
[Result "1-0"]
[WhiteElo "2343"]
[BlackElo "1930"]
[PlyCount "59"]
[EventDate "2005.??.??"]
[SourceDate "2005.04.17"]

1. e4 c5 2. Nf3 Nc6 3. Nc3 g6 4. d4 cxd4 5. Nxd4 Bg7 6. Be3 d6 7. Qd2 Nf6 8. f3
O-O 9. O-O-O Nxd4 10. Bxd4 Be6 11. Kb1 Qc7 12. Nd5 (12. g4 Rfc8 13. h4 Qa5 14.
Qg5 {l'echange des Dames donne une bonne finale aux blancs, le sacrifice de
pion b5 merite l'attention.} 14... Qxg5 (14... b5 15. Qxb5 Qc7 $44) 15. hxg5
Nd7 16. Bxg7 Kxg7 17. Rh4 $14) 12... Bxd5 13. exd5 Rfc8 14. Rc1 a6 15. g4 b5
16. g5 Nh5 17. Bxg7 Nxg7 18. Bh3 Re8 19. Bg4 f5 20. gxf6 exf6 21. h4 h5 22. Bh3
Qf7 23. Qh6 Ra7 24. Rhg1 Qxd5 25. Qxg6 Qf7 26. Qh6 f5 27. Rg5 Re5 28. f4 Rd5
29. Rcg1 Qf8 30. Qe6+ 1-0

[Event "Championnat de France Minime"]
[Site "CALVI"]
[Date "2005.04.17"]
[Round "1.2"]
[White "Lecouteux, Guilhem"]
[Black "Edouard, Romain"]
[Result "0-1"]
[WhiteElo "1910"]
[BlackElo "2255"]
[PlyCount "62"]
[EventDate "2005.??.??"]
[SourceDate "2005.04.17"]

1. d4 Nf6 2. c4 g6 3. Nc3 Bg7 4. e4 d6 5. f3 O-O 6. Be3 c6 7. Nge2 a6 8. Qd2 b5
9. g4 e5 10. d5 bxc4 11. Ng3 cxd5 12. Nxd5 Nc6 13. Bxc4 Nd4 14. Bxd4 exd4 15.
O-O Nxd5 16. Bxd5 Rb8 17. Rab1 Bb7 18. Bxb7 Rxb7 19. Rfe1 Qf6 20. f4 Qe6 21. h3
Qxa2 22. Ra1 Qb3 23. Ra3 Qb6 24. Qa5 Qxb2 25. Qxa6 Rb3 26. Rxb3 Qxb3 27. Kg2 d3
28. Nf1 Qc2+ 29. Kf3 d2 30. Nxd2 Qxd2 31. Re2 Qd1 0-1

[Event "Championnat de France Minime"]
[Site "CALVI"]
[Date "2005.04.17"]
[Round "1.3"]
[White "Heinz, Timothee"]
[Black "Fournier, Dimitri"]
[Result "1-0"]
[WhiteElo "2231"]
[BlackElo "1900"]
[PlyCount "59"]
[EventDate "2005.??.??"]
[SourceDate "2005.04.17"]

1. e4 e6 2. d4 d5 3. e5 c5 4. c3 Nc6 5. Nf3 Qb6 6. a3 cxd4 7. cxd4 Bd7 8. Be2
Nge7 9. b4 Nf5 10. Bb2 a6 11. g4 Nfe7 12. Nc3 h5 13. Na4 Qc7 14. gxh5 Rxh5 15.
Nc5 a5 16. Nxd7 Qxd7 17. b5 Nd8 18. a4 b6 19. Ba3 Rc8 20. O-O Rc3 21. Qd2 Rc8
22. Rac1 Ng6 23. Bxf8 Nxf8 24. Rxc8 Qxc8 25. Rc1 Qb8 26. Rc3 Nd7 27. Qc1 Rf5
28. Nh4 g6 29. Nxf5 gxf5 30. h4 1-0

[Event "Championnat de France Minime"]
[Site "CALVI"]
[Date "2005.??.??"]
[Round "1.4"]
[White "Guilleux, Fabien"]
[Black "Vernay, Clovis"]
[Result "0-1"]
[WhiteElo "1900"]
[BlackElo "2224"]
[PlyCount "90"]
[EventDate "2005.??.??"]
[SourceDate "2005.04.17"]

1. c4 e5 2. g3 c6 3. d4 d6 4. Nc3 Nd7 5. Nf3 Ngf6 6. Qc2 Be7 7. Bg2 O-O 8. O-O
Re8 9. Rd1 Qc7 10. dxe5 dxe5 11. b3 Bf8 12. Bb2 a5 13. Ne4 Nxe4 14. Qxe4 f6 15.
Qc2 Nc5 16. Nd2 Be6 17. Ne4 Qb6 18. Nxc5 Qxc5 19. Be4 g6 20. Qd2 a4 21. Bc3
Rac8 22. Rac1 Qe7 23. Ba5 Qf7 24. Bg2 Ba3 25. Ra1 Bc5 26. Bb4 Bd4 27. Rac1 Ba7
28. Ba5 f5 29. Qg5 Bc5 30. Bc3 e4 31. Qf4 Bf8 32. Ba5 Bg7 33. Qd6 Re7 34. Qb4
axb3 35. axb3 Rd7 36. Qe1 Rxd1 37. Rxd1 b5 38. cxb5 cxb5 39. b4 Bc3 40. Qf1 Bc4
41. Rc1 Bd2 42. Rc2 e3 43. fxe3 Bxe3+ 44. Kh1 Qd7 45. Rc3 Re8 0-1

[Event "Championnat de France Minime"]
[Site "CALVI"]
[Date "2005.04.17"]
[Round "1.5"]
[White "Monsieux, Cyril"]
[Black "Rodriguez, Jerome"]
[Result "1-0"]
[WhiteElo "2213"]
[BlackElo "1900"]
[PlyCount "111"]
[EventDate "2005.??.??"]
[SourceDate "2005.04.17"]

1. e4 c5 2. c3 e6 3. d4 cxd4 4. cxd4 Nf6 5. Bd3 Nc6 6. Nf3 Be7 7. O-O O-O 8.
Nc3 d5 9. e5 Nd7 10. a3 f6 11. exf6 Nxf6 12. Re1 Bd6 13. Bg5 a6 14. Bh4 Qc7 15.
Bg3 Bxg3 16. hxg3 Bd7 17. Rc1 Rae8 18. Bb1 Qd6 19. Ne5 Qe7 20. g4 Bc8 21. g5
Nxe5 22. dxe5 Ne4 23. Rxe4 dxe4 24. Nxe4 Qf7 25. Qg4 Qf4 26. Qxf4 Rxf4 27. Nd6
Ref8 28. Rxc8 Rxc8 29. Nxc8 Rg4 30. Nd6 Rxg5 31. f4 Rg4 32. f5 exf5 33. Bxf5
Rd4 34. Bc8 Rd1+ 35. Kh2 Re1 36. Bxb7 Rxe5 37. Bxa6 Rh5+ 38. Kg3 Kf8 39. Bc4
Ke7 40. Ne4 Rh1 41. a4 Re1 42. Kf4 h6 43. a5 g5+ 44. Kf5 g4 45. a6 h5 46. Nc5
Kd6 47. Na4 Kc7 48. Nc3 Kb6 49. Kg5 Re5+ 50. Kh4 Ka7 51. Nd5 Rf5 52. b4 Rf2 53.
b5 Rxg2 54. b6+ Kb8 55. a7+ Kb7 56. Ba6+ 1-0

[Event "Championnat de France Minime"]
[Site "CALVI"]
[Date "2005.04.17"]
[Round "1.6"]
[White "Battesti, Marc-Andria"]
[Black "Delorme, Axel"]
[Result "0-1"]
[WhiteElo "1894"]
[BlackElo "2202"]
[PlyCount "32"]
[EventDate "2005.??.??"]
[SourceDate "2005.04.17"]

1. e4 c5 2. b4 cxb4 3. a3 e5 4. Nf3 Nc6 5. axb4 Bxb4 6. c3 Be7 7. d4 d6 8. Bb5
Bd7 9. Qe2 Nf6 10. Bg5 O-O 11. O-O exd4 12. cxd4 Nxe4 {#} 13. Bxe7 Qxe7 14.
Bxc6 Bxc6 15. Nc3 Rfe8 16. Rfe1 Qf6 0-1

[Event "Championnat de France Minime"]
[Site "CALVI"]
[Date "2005.04.17"]
[Round "1.7"]
[White "Brethes, Francois"]
[Black "Lanoe, Brendan"]
[Result "1-0"]
[WhiteElo "2161"]
[BlackElo "1880"]
[PlyCount "62"]
[EventDate "2005.??.??"]
[SourceDate "2005.04.17"]

1. d4 d5 2. Nf3 Nf6 3. e3 e6 4. c4 c6 5. Bd3 dxc4 6. Bxc4 b5 7. Bd3 a6 8. a4
Bb7 9. O-O Nbd7 10. Nbd2 Qb6 11. Qe2 Be7 12. e4 O-O 13. e5 Nd5 14. Ne4 Nb4 15.
Bb1 c5 16. dxc5 Nxc5 17. Be3 Nd5 18. a5 Qa7 19. Bxc5 Bxc5 20. Qc2 Bb4 21. Nf6+
{#} 21... Nxf6 22. exf6 g6 23. Qb3 Bc5 24. Ng5 Rfd8 25. Qh3 h5 26. Bxg6 fxg6
27. Qxe6+ Kh8 28. f7 Kg7 29. Qe5+ Kh6 30. Ne6 Bd4 31. Qg5+ Kh7 1-0

[Event "Championnat de France Minime"]
[Site "CALVI"]
[Date "2005.??.??"]
[Round "1.8"]
[White "Savon, Jeremie"]
[Black "Rigolot, Matthieu"]
[Result "1-0"]
[WhiteElo "1880"]
[BlackElo "2135"]
[PlyCount "71"]
[EventDate "2005.??.??"]
[SourceDate "2005.04.17"]

1. e4 c5 2. Nf3 d6 3. d3 Nc6 4. Be3 Nf6 5. h3 g6 6. c3 Bg7 7. Nbd2 e5 8. Nc4
O-O 9. Be2 h6 10. O-O Qe7 11. Qd2 Kh7 12. b4 b5 13. Na3 a6 14. bxc5 dxc5 15.
Qc1 Bb7 16. Rb1 Nd7 17. Nc2 f5 18. exf5 gxf5 19. a4 Rae8 20. axb5 axb5 21. Re1
e4 22. Nh2 Bxc3 23. Bxh6 Rg8 24. Bd2 Bxd2 25. Qxd2 Nd4 26. Bf1 Qh4 27. Nxd4
cxd4 28. Rxb5 Bc6 29. Rxf5 e3 30. Qe2 {Diagramme #} 30... Rxg2+ 31. Bxg2 exf2+
32. Qxf2 Rxe1+ 33. Bf1 Qh6 34. Qxe1 Qg6+ 35. Ng4 Qxf5 36. Qh4+ 1-0

[Event "Championnat de France Minime"]
[Site "CALVI"]
[Date "2005.??.??"]
[Round "1.10"]
[White "Chretien, Corentin"]
[Black "Henry, Guillaume"]
[Result "0-1"]
[WhiteElo "1872"]
[BlackElo "2128"]
[PlyCount "100"]
[EventDate "2005.??.??"]
[SourceDate "2005.04.17"]

1. d4 Nf6 2. Nf3 d6 3. c4 g6 4. Nc3 Bg7 5. e4 O-O 6. Be2 e5 7. O-O Nc6 8. d5
Ne7 9. Ne1 Ne8 10. f3 f5 11. g4 fxg4 12. fxg4 Rxf1+ 13. Kxf1 Qd7 14. h4 Nf6 15.
Bg5 h6 16. Bxf6 Bxf6 17. Ng2 Kg7 18. Kf2 Ng8 19. Qd3 Bd8 20. Qg3 c6 21. Kg1 Nf6
22. Ne3 Bb6 23. Kh1 Bxe3 24. Qxe3 Nxg4 25. Qf3 Nf6 26. Rg1 Qh3+ 27. Qxh3 Bxh3
28. dxc6 bxc6 29. Rd1 Ne8 30. b4 Be6 31. b5 Rc8 32. bxc6 Rxc6 33. Nb5 Bxc4 34.
Bxc4 Rxc4 35. Nxd6 Nxd6 36. Rxd6 Rxe4 37. Rd7+ Kf6 38. Rxa7 Rxh4+ 39. Kg2 Rc4
40. a4 h5 41. a5 Ra4 42. Ra8 Kg5 43. a6 Kg4 44. a7 Ra2+ 45. Kf1 g5 46. Ke1 h4
47. Kf1 h3 48. Ke1 h2 49. Rh8 Rxa7 50. Rxh2 Ra1+ 0-1

[Event "Championnat de France Minime"]
[Site "CALVI"]
[Date "2005.04.17"]
[Round "1.15"]
[White "Guerpillon, Louis"]
[Black "Lacour, Cedric"]
[Result "0-1"]
[WhiteElo "2063"]
[BlackElo "1860"]
[PlyCount "57"]
[EventDate "2005.??.??"]
[SourceDate "2005.04.17"]

1. e4 c5 2. Nf3 Nc6 3. d4 cxd4 4. Nxd4 Nf6 5. Nc3 e5 6. Ndb5 d6 7. Be3 a6 8.
Na3 b5 9. Nd5 Nxd5 10. exd5 Ne7 11. c4 Nf5 12. Bc1 bxc4 13. Nxc4 Bd7 14. Bd3
Nh4 15. O-O Be7 16. f4 Bb5 17. a4 Bxc4 18. Bxc4 Qb6+ 19. Kh1 exf4 20. Bxf4 Qxb2
21. Ra2 Qb4 22. Qd3 Ng6 {=} 23. Bd2 Qc5 24. Bxa6 O-O 25. Bb5 Ne5 26. Qb3 Ng4
27. Bb4 Qd4 28. Rd2 Qe5 29. Re2 0-1

[Event "Championnat de France Minime"]
[Site "CALVI"]
[Date "2005.04.17"]
[Round "1.16"]
[White "Fontaine, David"]
[Black "Blake, Cyprien"]
[Result "0-1"]
[WhiteElo "1850"]
[BlackElo "2060"]
[PlyCount "50"]
[EventDate "2005.??.??"]
[SourceDate "2005.04.17"]

1. d4 Nf6 2. Bg5 Ne4 3. Bf4 g5 4. Be5 f6 5. e3 h5 6. Bd3 d5 7. f3 fxe5 8. fxe4
Rh6 {#} 9. Nf3 exd4 10. exd4 Nc6 11. O-O g4 12. exd5 Qxd5 13. c4 Qg8 14. Ne5
Nxe5 15. dxe5 Qg5 16. Qc2 Bg7 17. Nc3 Bd7 18. Nd5 O-O-O 19. Rae1 Bxe5 20. Qf2
Kb8 21. Bf5 g3 22. Qe3 Qxe3+ 23. Rxe3 Bd4 24. Bd3 c6 25. Rd1 e5 0-1

[Event "Championnat de France Minime Fille"]
[Site "CALVI"]
[Date "2005.04.17"]
[Round "1.1"]
[White "Benmesbah, Natacha"]
[Black "Cwiek, Perrine"]
[Result "1-0"]
[WhiteElo "2113"]
[BlackElo "1690"]
[PlyCount "63"]
[EventDate "2005.??.??"]
[SourceDate "2005.04.17"]

1. e4 e5 2. Bc4 Nf6 3. d4 d6 4. dxe5 dxe5 5. Bxf7+ Ke7 6. Qxd8+ Kxd8 7. Nc3 Bb4
8. f3 Nc6 9. Be3 Ke7 10. Bc4 Bd7 11. a3 Ba5 12. Bc5+ Ke8 13. Nge2 Rd8 14. O-O-O
Bb6 15. Bxb6 axb6 16. Nb5 Rc8 17. Nec3 Ke7 18. Ba2 Rhd8 19. Nd5+ Nxd5 20. exd5
Nb8 21. Nc3 Be8 22. Rhe1 Nd7 23. f4 Kf6 24. fxe5+ Nxe5 25. Ne4+ Kf5 26. Ng3+
Kf6 27. Rd2 Nd7 28. Rf2+ Kg6 29. Bc4 Nc5 30. b4 b5 31. bxc5 bxc4 32. Re6+ 1-0

[Event "Championnat de France Minime Fille"]
[Site "CALVI"]
[Date "2005.04.17"]
[Round "1.3"]
[White "Laurens, Julia"]
[Black "Le Berre, Tennessee"]
[Result "1-0"]
[WhiteElo "2023"]
[BlackElo "1620"]
[PlyCount "43"]
[EventDate "2005.??.??"]
[SourceDate "2005.04.17"]

1. d4 Nf6 2. c4 g6 3. Nc3 Bg7 4. e4 O-O 5. f4 d6 6. Nf3 Na6 7. Bd3 Bg4 8. O-O
Nd7 9. Be3 e5 10. Ne2 c5 11. dxe5 dxe5 12. f5 gxf5 13. exf5 Re8 14. Be4 Rb8 15.
h3 Bxf3 16. Rxf3 Nf6 17. Qb1 Nxe4 18. Qxe4 Kh8 19. f6 Bxf6 20. Raf1 Bg5 21.
Rxf7 Bxe3+ 22. Kh1 1-0